000
00318nam a2200133Ia 4500
005
20250424120242.0
008
250424s9999 xx 000 0 und d
050
_a
Igbinedion university law journal
245
0
_a
Okada
260
_a
College of Law
260
_b
2011
260
_c
viii, 310 p. ; 22 cm.
650
_a
SR
999
_c
38257
_d
38257